[Event "Quebec op"]
[Site "Montreal CAN"]
[Date "2006.07.10"]
[Round "4"]
[White "Pitre, Francois"]
[Black "Gilman, Arkadiy"]
[Result "1/2-1/2"]
[WhiteElo "1997"]
[BlackElo "2191"]
[PlyCount "80"]
[EventDate "2006.07.08"]
[EventType "swiss"]
[EventRounds "9"]
[EventCountry "CAN"]

1. d4 d5 2. Nf3 Nf6 3. g3 Bf5 4. Bg2 e6 5. O-O Nbd7 6. b3 Be7 7. Bb2 h6 8. c4
c6 9. Nbd2 O-O 10. Ne5 Nxe5 11. dxe5 Nd7 12. e4 dxe4 13. Nxe4 Qc7 14. Qd4 Bxe4
15. Bxe4 Nc5 16. Bc2 Rfd8 17. Qe3 a5 18. Rfd1 Rxd1+ 19. Rxd1 Rd8 20. Rxd8+ Qxd8
21. Bd4 Qf8 22. h4 h5 23. Qc3 Qd8 24. Qe3 Qf8 25. Bc3 Qd8 26. Qe1 b6 27. Qd2
Qc7 28. Bd4 g6 29. Qe3 Nd7 30. Be4 Bc5 31. Bxc5 Nxc5 32. Bc2 Qd7 33. Kg2 Qc7
34. Qd4 Kf8 35. f4 Ke7 36. Kf3 Na6 37. Be4 c5 38. Qd2 Nb4 39. Ke3 Nc6 40. Bxc6
Qxc6 1/2-1/2

[Event "Quebec op"]
[Site "Montreal CAN"]
[Date "2006.07.10"]
[Round "4"]
[White "Robichaud, Louis"]
[Black "Vallieres, Mario"]
[Result "1-0"]
[WhiteElo "2081"]
[BlackElo "2055"]
[PlyCount "75"]
[EventDate "2006.07.08"]
[EventType "swiss"]
[EventRounds "9"]
[EventCountry "CAN"]

1. e4 e6 2. d3 d5 3. Nd2 c5 4. g3 Nc6 5. Bg2 Be7 6. Ngf3 d4 7. e5 f5 8. exf6
Nxf6 9. O-O O-O 10. Re1 Qc7 11. Nc4 b5 12. Bf4 Qd8 13. Nfe5 Nxe5 14. Bxa8 Ng6
15. Ne5 Nxf4 16. gxf4 Nd5 17. Bxd5 Qxd5 18. Qg4 Bb7 19. f3 Rf5 20. Re2 g5 21.
Qh5 Qd8 22. Rg2 Rxf4 23. h4 Rf5 24. Re1 Qb8 25. Ng4 Bxf3 26. Rxe6 Qf8 27. Nh6+
Kh8 28. Nxf5 Bxh5 29. Nxe7 Bf7 30. Rf2 gxh4 31. Ref6 Qxe7 32. Rxf7 Qe1+ 33. Kg2
Qe3 34. R7f3 Qg5+ 35. Kh3 h5 36. Rf8+ Kh7 37. R2f7+ Kh6 38. Rh8+ 1-0

[Event "Quebec op"]
[Site "Montreal CAN"]
[Date "2006.07.10"]
[Round "4"]
[White "Tessier, Olivier"]
[Black "Le Duin, Thierry"]
[Result "0-1"]
[WhiteElo "2141"]
[BlackElo "2061"]
[PlyCount "128"]
[EventDate "2006.07.08"]
[EventType "swiss"]
[EventRounds "9"]
[EventCountry "CAN"]

1. e4 d5 2. d4 dxe4 3. Nc3 Nf6 4. Bg5 Nbd7 5. Bc4 h6 6. Bh4 g5 7. Bg3 c6 8. h4
g4 9. Bb3 Nb6 10. Be5 Bf5 11. Nge2 e6 12. Ng3 Bb4 13. Qe2 Nbd5 14. O-O-O Bxc3
15. bxc3 Nxc3 16. Qc4 Ncd5 17. Rhe1 O-O 18. Qe2 Kh7 19. Qd2 b5 20. Bxd5 Nxd5
21. Nxe4 Bxe4 22. Rxe4 Qe7 23. Qd3 f5 24. Ree1 Qb4 25. a3 Qc3 26. Bd6 Qxd3 27.
Rxd3 Rfe8 28. f3 h5 29. fxg4 hxg4 30. g3 Nf6 31. Rb3 Ne4 32. Be5 Re7 33. a4
bxa4 34. Ra3 Rb7 35. Rxa4 a5 36. Re3 Ra6 37. Rb3 Rxb3 38. cxb3 Nc3 39. Rc4 Nd5
40. Rc5 Kg6 41. Kd2 Kf7 42. Ke2 Nf6 43. Bxf6 Kxf6 44. Kd3 a4 45. bxa4 Rxa4 46.
Rxc6 Ra3+ 47. Ke2 Rxg3 48. d5 f4 49. Rxe6+ Kf5 50. Re8 f3+ 51. Kd3 Rg1 52. Rf8+
Ke5 53. Ke3 Kxd5 54. h5 Re1+ 55. Kf2 Re2+ 56. Kf1 Rh2 57. Rg8 Rh4 58. h6 Ke4
59. h7 Rxh7 60. Rxg4+ Ke3 61. Kg1 Ra7 62. Rg8 Ra1+ 63. Kh2 f2 64. Re8+ Kd4 0-1

[Event "Quebec op"]
[Site "Montreal CAN"]
[Date "2006.07.10"]
[Round "4"]
[White "Voskanyan, Vahagn"]
[Black "Kunte, Abhijit"]
[Result "0-1"]
[WhiteElo "2346"]
[BlackElo "2535"]
[PlyCount "118"]
[EventDate "2006.07.08"]
[EventType "swiss"]
[EventRounds "9"]
[EventCountry "CAN"]

1. d4 Nf6 2. c4 e6 3. Nf3 b6 4. g3 Ba6 5. Nbd2 d5 6. cxd5 exd5 7. Bg2 Bd6 8.
O-O O-O 9. Re1 Re8 10. Nh4 Nc6 11. Nf5 Bf8 12. Nf3 Bc8 13. Qc2 Nb4 14. Qb1 Ne4
15. Ne3 a5 16. a3 Nc6 17. Qc2 Bb7 18. b3 Nb8 19. Bb2 Na6 20. Rac1 Qf6 21. Ng4
Qe6 22. Nge5 Bd6 23. Nd2 c5 24. Nxe4 dxe4 25. Nc4 Bf8 26. Ne3 cxd4 27. Bxd4
Bxa3 28. Nc4 Rac8 29. Ra1 Bc5 30. Qb2 Bxd4 31. Qxd4 Nc5 32. Rab1 Ba6 33. Qe3
Bxc4 34. bxc4 Rc6 35. Rec1 g6 36. h4 h5 37. Kh2 Rd8 38. Bh3 Qf6 39. Bg2 Qd4 40.
Rd1 Qxd1 41. Rxd1 Rxd1 42. f3 Re6 43. fxe4 Rd8 44. g4 hxg4 45. h5 Rde8 46. hxg6
Rxg6 47. Kg3 Nd7 48. e5 Nxe5 49. Bd5 Kg7 50. c5 bxc5 51. Qxc5 Rf6 52. Qxa5 Ng6
53. Qc3 Rxe2 54. Kxg4 Re5 55. Bxf7 Rxf7 56. Qb2 Rf4+ 57. Kg3 Rff5 58. Qb6 Kh6
59. Qb8 Rf6 0-1

[Event "Quebec op"]
[Site "Montreal CAN"]
[Date "2006.07.10"]
[Round "4"]
[White "Wilkin, Alain"]
[Black "Ruiz, Sebastian"]
[Result "1-0"]
[WhiteElo "1958"]
[BlackElo "2110"]
[PlyCount "99"]
[EventDate "2006.07.08"]
[EventType "swiss"]
[EventRounds "9"]
[EventCountry "CAN"]

1. e4 c5 2. Nf3 Nc6 3. d4 cxd4 4. Nxd4 Nf6 5. Nc3 e5 6. Ndb5 d6 7. Nd5 Nxd5 8.
exd5 Nb8 9. c4 Be7 10. g3 O-O 11. Bg2 f5 12. O-O a6 13. Nc3 Nd7 14. f4 Qb6+ 15.
Kh1 e4 16. Qe2 Bf6 17. Be3 Qc7 18. Rac1 Nc5 19. Bxc5 Qxc5 20. a3 Qa5 21. Qe3
Bd7 22. Rfd1 Rac8 23. Bf1 b5 24. cxb5 Bxb5 25. Nxb5 axb5 26. b4 Qa4 27. Be2 Bb2
28. Rc6 Ra8 29. Rxd6 Qxa3 30. Qxa3 Rxa3 31. Bxb5 Bc3 32. Re6 Bxb4 33. d6 Ra5
34. Bc4 Rc5 35. Bd5 h6 36. d7 Kf7 37. Rb6+ Rxd5 38. Rxd5 Be7 39. Rxf5+ Bf6 40.
Rd5 Rd8 41. Rc6 h5 42. Kg2 Ke7 43. f5 Rxd7 44. Re6+ Kd8 45. Rxd7+ Kxd7 46. Rxe4
Kd6 47. Kf3 Kd5 48. Re8 Be5 49. h3 Bc3 50. g4 1-0

[Event "Quebec op"]
[Site "Montreal CAN"]
[Date "2006.07.11"]
[Round "5"]
[White "Bergeron, Marc"]
[Black "Tessier, Olivier"]
[Result "1-0"]
[WhiteElo "2009"]
[BlackElo "2141"]
[PlyCount "53"]
[EventDate "2006.07.08"]
[EventType "swiss"]
[EventRounds "9"]
[EventCountry "CAN"]

1. c4 b6 2. e4 c5 3. Nf3 Bb7 4. Nc3 Nc6 5. d4 cxd4 6. Nxd4 g6 7. Be3 Bg7 8. Qd2
d6 9. Be2 Nf6 10. f3 Nd7 11. Rd1 Rc8 12. O-O Qc7 13. Nd5 Qb8 14. b3 h5 15. f4
Nc5 16. Bf3 e6 17. Nxc6 Bxc6 18. Bd4 Rg8 19. Nf6+ Bxf6 20. Bxf6 e5 21. fxe5
dxe5 22. Qg5 Nd7 23. Be7 Qb7 24. Bxh5 Bxe4 25. Bg4 Bc6 26. Bd6 f6 27. Bxd7+ 1-0

[Event "Quebec op"]
[Site "Montreal CAN"]
[Date "2006.07.11"]
[Round "5"]
[White "Chabot, Roland"]
[Black "Picard, Jean"]
[Result "1-0"]
[WhiteElo "2287"]
[BlackElo "2088"]
[PlyCount "87"]
[EventDate "2006.07.08"]
[EventType "swiss"]
[EventRounds "9"]
[EventCountry "CAN"]

1. d4 Nf6 2. c4 g6 3. Nc3 Bg7 4. e4 d6 5. Nf3 O-O 6. Be2 e5 7. O-O Nc6 8. d5
Ne7 9. Ne1 Nd7 10. Be3 f5 11. f3 f4 12. Bf2 g5 13. a4 Rf6 14. Nd3 Rg6 15. c5
Nf6 16. cxd6 cxd6 17. a5 g4 18. fxg4 Nxg4 19. Ne1 Kh8 20. Qa4 Ng8 21. Nf3 Nxf2
22. Rxf2 Nh6 23. Nd2 Ng4 24. Bxg4 Bxg4 25. Nf3 Bf6 26. Raf1 Bh4 27. Rc2 Qf6 28.
Qb5 Rag8 29. Kh1 Rh6 30. Qd3 Bg3 31. Kg1 Bxf3 32. Qxf3 Rxh2 33. Rfc1 Qh4 34.
Kf1 Rh1+ 35. Ke2 Rxc1 36. Rxc1 Bh2 37. Nb5 Rg3 38. Rc8+ Kg7 39. Nxd6 Rxf3 40.
Nf5+ Kf7 41. Nxh4 Re3+ 42. Kd2 Rxe4 43. Nf3 Bg3 44. Ng5+ 1-0

[Event "Quebec op"]
[Site "Montreal CAN"]
[Date "2006.07.11"]
[Round "5"]
[White "Desjardins, Michel"]
[Black "Malette, Martin"]
[Result "1/2-1/2"]
[WhiteElo "1907"]
[BlackElo "2004"]
[PlyCount "30"]
[EventDate "2006.07.08"]
[EventType "swiss"]
[EventRounds "9"]
[EventCountry "CAN"]

1. e4 c5 2. Nc3 Nc6 3. g3 g6 4. Bg2 Bg7 5. d3 e5 6. Be3 d6 7. Qd2 Nge7 8. Bh6
O-O 9. Bxg7 Kxg7 10. Nge2 Nd4 11. O-O Bh3 12. f4 Bxg2 13. Kxg2 Nxe2 14. Nxe2
exf4 15. Nxf4 a6 1/2-1/2

[Event "Quebec op"]
[Site "Montreal CAN"]
[Date "2006.07.11"]
[Round "5"]
[White "Hajiyev, Elshad"]
[Black "Dimev, Kiril"]
[Result "1-0"]
[WhiteElo "2007"]
[BlackElo "2014"]
[PlyCount "105"]
[EventDate "2006.07.08"]
[EventType "swiss"]
[EventRounds "9"]
[EventCountry "CAN"]

1. d4 Nf6 2. Bg5 d5 3. Nf3 c5 4. e3 Nc6 5. c3 e6 6. Bd3 Be7 7. Nbd2 b6 8. Ne5
Bd7 9. Ndf3 O-O 10. Rc1 Rc8 11. g4 Ne8 12. Bf4 cxd4 13. exd4 Nxe5 14. Nxe5 f6
15. Nxd7 Qxd7 16. h4 Bd6 17. Be3 Rc7 18. Qb3 Kh8 19. g5 e5 20. Qxd5 exd4 21.
Bxd4 Qg4 22. Kf1 Bc5 23. Bxc5 Rxc5 24. Qe4 Qxe4 25. Bxe4 Nd6 26. Re1 Nxe4 27.
Rxe4 fxg5 28. hxg5 Rxg5 29. Re7 Rgf5 30. Rh2 R5f7 31. Rxf7 Rxf7 32. Ke2 g5 33.
Rh5 Rf5 34. Rh6 Kg7 35. Rc6 h5 36. Rd6 g4 37. a4 Rf4 38. b4 h4 39. Rd7+ Kg6 40.
Rxa7 h3 41. Rd7 Re4+ 42. Kf1 Re1+ 43. Kxe1 h2 44. Rd3 h1=Q+ 45. Ke2 Qa1 46. Re3
Qa2+ 47. Ke1 Qxa4 48. Ke2 Qa2+ 49. Ke1 Kf5 50. Kf1 Qd2 51. Kg2 Qxe3 52. fxe3
Ke4 53. c4 1-0

[Event "Quebec op"]
[Site "Montreal CAN"]
[Date "2006.07.11"]
[Round "5"]
[White "Jiang, Louie"]
[Black "Forget, David"]
[Result "1-0"]
[WhiteElo "1997"]
[BlackElo "1929"]
[PlyCount "97"]
[EventDate "2006.07.08"]
[EventType "swiss"]
[EventRounds "9"]
[EventCountry "CAN"]

1. e4 e6 2. d4 d5 3. Nc3 Bb4 4. e5 c5 5. a3 Bxc3+ 6. bxc3 Ne7 7. Nf3 Nbc6 8. a4
O-O 9. Be2 f6 10. exf6 Rxf6 11. Bg5 Rf8 12. O-O Bd7 13. Re1 Qa5 14. Bb5 Rae8
15. Bd2 Qc7 16. Bd3 Nf5 17. Bxf5 Rxf5 18. Nh4 Rf7 19. Nf3 e5 20. Nxe5 Nxe5 21.
dxe5 Rxe5 22. Be3 Qd6 23. Qd2 Rfe7 24. Red1 Qe6 25. h3 b6 26. Bf4 Re4 27. Bg5
Rf7 28. Re1 Bxa4 29. c4 Bc6 30. f3 Rxe1+ 31. Rxe1 Qd7 32. cxd5 Qxd5 33. Re8+
Rf8 34. Rxf8+ Kxf8 35. Qf4+ Qf7 36. Qd6+ Kg8 37. Qxc6 h6 38. Bh4 Qa2 39. Qe8+
Kh7 40. Qe4+ Kh8 41. f4 a5 42. f5 a4 43. Qe8+ Kh7 44. Qg6+ Kh8 45. Qe8+ Kh7 46.
f6 a3 47. f7 Qb1+ 48. Kh2 Kg6 49. f8=Q+ 1-0

[Event "Quebec op"]
[Site "Montreal CAN"]
[Date "2006.07.11"]
[Round "5"]
[White "Le Duin, Thierry"]
[Black "Anastasovski, Nikola"]
[Result "0-1"]
[WhiteElo "2061"]
[BlackElo "2128"]
[PlyCount "120"]
[EventDate "2006.07.08"]
[EventType "swiss"]
[EventRounds "9"]
[EventCountry "CAN"]

1. d4 f5 2. c4 e6 3. Nc3 Bb4 4. Bd2 Nf6 5. f3 b6 6. a3 Bxc3 7. Bxc3 Bb7 8. e3
d6 9. Bd3 Nbd7 10. Nh3 Qe7 11. Qe2 g6 12. Nf2 e5 13. e4 f4 14. d5 a5 15. b4
axb4 16. axb4 Rxa1+ 17. Bxa1 O-O 18. O-O Nh5 19. Nh1 Qg5 20. Bc3 Ra8 21. Ra1
Rxa1+ 22. Bxa1 Qd8 23. Qa2 g5 24. Nf2 Ng7 25. Qa7 Qc8 26. Bb2 h5 27. h3 Ba6 28.
Ba3 Nf6 29. Be2 Nge8 30. b5 Bb7 31. Bb4 Kg7 32. Kh2 Kg6 33. Be1 Ng8 34. g4
fxg3+ 35. Kxg3 Nef6 36. Bd2 Nh6 37. Be3 Nf7 38. Bd1 Nd8 39. Bd2 Qd7 40. Qb8 Bc8
41. Be2 Nf7 42. Bd1 Ng8 43. Be3 Ne7 44. Be2 Kg7 45. h4 gxh4+ 46. Kxh4 Ng6+ 47.
Kg3 Qd8 48. Bd2 Nf4 49. Bxf4 exf4+ 50. Kh2 Qh4+ 51. Kg2 Qg3+ 52. Kf1 Bh3+ 53.
Nxh3 Qxh3+ 54. Ke1 Qg3+ 55. Kd2 h4 56. Qxc7 h3 57. e5 dxe5 58. d6 h2 59. d7 Qh4
60. Qxb6 h1=Q 0-1

[Event "Quebec op"]
[Site "Montreal CAN"]
[Date "2006.07.11"]
[Round "5"]
[White "Luksza, Arkadiusz"]
[Black "Libersan, Thierry"]
[Result "1-0"]
[WhiteElo "2181"]
[BlackElo "2121"]
[PlyCount "75"]
[EventDate "2006.07.08"]
[EventType "swiss"]
[EventRounds "9"]
[EventCountry "CAN"]

1. c4 Nf6 2. Nf3 e6 3. g3 b6 4. Bg2 Bb7 5. O-O Be7 6. d4 O-O 7. Nc3 Ne4 8. Qc2
f5 9. d5 Nxc3 10. bxc3 Na6 11. Rd1 Qe8 12. a4 Nc5 13. a5 Qh5 14. Be3 exd5 15.
cxd5 Rae8 16. axb6 axb6 17. Ra7 Bc8 18. Bf4 Ne4 19. Bxc7 Bc5 20. Nd4 d6 21. Rb1
Nxf2 22. Bxb6 Bxb6 23. Rxb6 Ng4 24. Nf3 Re3 25. Qd2 Rxf3 26. exf3 Qxh2+ 27. Kf1
Qxg3 28. fxg4 fxg4+ 29. Kg1 Qh4 30. Rb4 Re8 31. Ra1 Qh5 32. Re1 Rf8 33. Rf4 Bf5
34. Qe3 Qg6 35. Rxf5 Qxf5 36. Qe6+ Qxe6 37. dxe6 Rc8 38. Bd5 1-0

[Event "Quebec op"]
[Site "Montreal CAN"]
[Date "2006.07.11"]
[Round "5"]
[White "Morin, Louis"]
[Black "Wilkin, Alain"]
[Result "1/2-1/2"]
[WhiteElo "1888"]
[BlackElo "1958"]
[PlyCount "111"]
[EventDate "2006.07.08"]
[EventType "swiss"]
[EventRounds "9"]
[EventCountry "CAN"]

1. e4 c5 2. d4 e6 3. c3 b6 4. Nf3 Bb7 5. Bd3 a6 6. O-O d6 7. Bf4 Nd7 8. Qe2 Be7
9. Nbd2 Ngf6 10. h3 O-O 11. Bh2 g6 12. Rfe1 Ne8 13. Rad1 cxd4 14. cxd4 b5 15.
Rc1 Nb6 16. Nb3 Nc4 17. Bxc4 bxc4 18. Qxc4 Bxe4 19. Qe2 Bd5 20. Nbd2 Ng7 21.
Bf4 Nh5 22. Bh6 Re8 23. g4 Ng7 24. Rc3 Qb6 25. b3 Rac8 26. Rec1 Rxc3 27. Rxc3
Bf6 28. Qe3 Qa5 29. a4 Rb8 30. Nc4 Bxc4 31. Rxc4 Ne8 32. Qc3 Qd8 33. Rc6 a5 34.
Ra6 Ra8 35. Qc6 Rxa6 36. Qxa6 e5 37. Be3 e4 38. Nd2 d5 39. Qb7 Be7 40. Nf1 Bb4
41. Bd2 Bxd2 42. Nxd2 f5 43. b4 axb4 44. Qxb4 fxg4 45. Qb3 gxh3 46. Nxe4 Qa5
47. Nc3 Nf6 48. Qb8+ Kg7 49. Qg3 Qb4 50. Qe5 Qxc3 51. Qe7+ Kh6 52. Qxf6 Qa1+
53. Kh2 Qxa4 54. Qf8+ Kg5 55. Qd8+ Kh6 56. Qf8+ 1/2-1/2

[Event "Quebec op"]
[Site "Montreal CAN"]
[Date "2006.07.11"]
[Round "5"]
[White "Poirier, Erik"]
[Black "Pitre, Francois"]
[Result "1/2-1/2"]
[WhiteElo "2146"]
[BlackElo "1997"]
[PlyCount "42"]
[EventDate "2006.07.08"]
[EventType "swiss"]
[EventRounds "9"]
[EventCountry "CAN"]

1. d4 d5 2. c4 e6 3. Nc3 Nf6 4. cxd5 exd5 5. Bg5 Nbd7 6. e3 Be7 7. Bd3 c6 8.
Nf3 O-O 9. Qc2 Re8 10. h3 Nf8 11. O-O-O Ne4 12. Bxe7 Qxe7 13. Bxe4 dxe4 14. Nd2
f5 15. Rhe1 Be6 16. f3 Bd5 17. Kb1 Nd7 18. Nxd5 cxd5 19. fxe4 fxe4 20. Rc1 Nb6
21. Qc7 Nc4 1/2-1/2

[Event "Quebec op"]
[Site "Montreal CAN"]
[Date "2006.07.11"]
[Round "5"]
[White "Ruiz, Sebastian"]
[Black "Cloutier, Mathieu"]
[Result "1/2-1/2"]
[WhiteElo "2110"]
[BlackElo "2059"]
[PlyCount "105"]
[EventDate "2006.07.08"]
[EventType "swiss"]
[EventRounds "9"]
[EventCountry "CAN"]

1. e4 c6 2. d4 d5 3. Nc3 dxe4 4. Nxe4 Nd7 5. Nf3 Ngf6 6. Ng3 g6 7. Bc4 Nd5 8.
Bb3 Bg7 9. c4 N5b6 10. Bf4 O-O 11. Qd2 e5 12. dxe5 Nc5 13. O-O-O Qxd2+ 14. Rxd2
Be6 15. Be3 Nxb3+ 16. axb3 Nd7 17. Bf4 Nc5 18. Kc2 b5 19. Be3 Nd7 20. Re1 bxc4
21. bxc4 Rfb8 22. b3 Nxe5 23. Nxe5 Bxe5 24. Bd4 Bxd4 25. Rxd4 a5 26. Ra1 a4 27.
bxa4 Rb4 28. a5 c5 29. Kc3 Rab8 30. Re4 Rb3+ 31. Kd2 Rd8+ 32. Kc2 Rbd3 33. a6
Rd2+ 34. Kb3 Bd7 35. Re2 Rd3+ 36. Kc2 Rd4 37. Re4 Bf5 38. Nxf5 Rxe4 39. Nd6
Rxd6 40. a7 Rxc4+ 41. Kb2 Rb4+ 42. Kc3 Rd8 43. a8=Q Rxa8 44. Rxa8+ Kg7 45. g3
Rb1 46. h4 f5 47. Ra7+ Kh6 48. Kd3 Rb2 49. Ke3 c4 50. Rc7 Rb3+ 51. Kf4 c3 52.
f3 Rb4+ 53. Ke5 1/2-1/2

[Event "Quebec op"]
[Site "Montreal CAN"]
[Date "2006.07.11"]
[Round "5"]
[White "Saint Amand, Paul"]
[Black "Nicula, Marius"]
[Result "1/2-1/2"]
[WhiteElo "2040"]
[BlackElo "2131"]
[PlyCount "22"]
[EventDate "2006.07.08"]
[EventType "swiss"]
[EventRounds "9"]
[EventCountry "CAN"]

1. e4 e6 2. d4 d5 3. Nd2 dxe4 4. Nxe4 Bd7 5. Nf3 Bc6 6. Bd3 Nd7 7. O-O Ngf6 8.
Qe2 Bxe4 9. Bxe4 Nxe4 10. Qxe4 c6 11. Bg5 Be7 1/2-1/2

[Event "Quebec op"]
[Site "Montreal CAN"]
[Date "2006.07.11"]
[Round "5"]
[White "Sullivan, Neil"]
[Black "Laframboise, Marc-Andre"]
[Result "1/2-1/2"]
[WhiteElo "2125"]
[BlackElo "2304"]
[PlyCount "91"]
[EventDate "2006.07.08"]
[EventType "swiss"]
[EventRounds "9"]
[EventCountry "CAN"]

1. e4 c5 2. Nc3 e6 3. g3 Nc6 4. Bg2 d6 5. d3 g6 6. Be3 Bg7 7. Qd2 Rb8 8. Nge2
Nd4 9. O-O Ne7 10. Nd1 O-O 11. c3 Nxe2+ 12. Qxe2 b6 13. Qd2 Ba6 14. Re1 d5 15.
Bf1 d4 16. Bh6 dxc3 17. Nxc3 Bxh6 18. Qxh6 e5 19. Rad1 Qc7 20. f4 f6 21. Bh3
Qd6 22. fxe5 fxe5 23. Qe3 Rbd8 24. Rf1 Bxd3 25. Rxf8+ Kxf8 26. Nb5 Bxb5 27.
Rxd6 Rxd6 28. Bf1 Bxf1 29. Kxf1 Nc6 30. Qh6+ Kg8 31. Qh3 Ne7 32. Ke2 Kg7 33.
Ke3 c4 34. Qh4 Nc6 35. Qg5 b5 36. Qg4 Ne7 37. Qg5 Nc6 38. Qg4 Rd3+ 39. Kf2 Nd4
40. Qd7+ Kf6 41. Qd8+ Ke6 42. Qe8+ Kd6 43. Qb8+ Ke6 44. Qe8+ Kd6 45. Qb8+ Ke6
46. Qe8+ 1/2-1/2

[Event "Quebec op"]
[Site "Montreal CAN"]
[Date "2006.07.11"]
[Round "5"]
[White "Swathi, Ghate"]
[Black "Zafirov, Stephane"]
[Result "1-0"]
[WhiteElo "2376"]
[BlackElo "2148"]
[PlyCount "78"]
[EventDate "2006.07.08"]
[EventType "swiss"]
[EventRounds "9"]
[EventCountry "CAN"]

1. e4 e5 2. Nf3 Nc6 3. Bb5 a6 4. Ba4 Nf6 5. O-O Be7 6. Re1 d6 7. c3 b5 8. Bb3
Bg4 9. h3 Bh5 10. d3 O-O 11. Nbd2 Na5 12. Bc2 c5 13. Nf1 Nc6 14. g4 Bg6 15. Ng3
Nd7 16. Nf5 Nb6 17. Be3 d5 18. Qe2 d4 19. Bd2 Re8 20. Rad1 a5 21. c4 bxc4 22.
dxc4 Bf6 23. Rf1 Nb4 24. Bxb4 axb4 25. Bb1 Nc8 26. Ne3 Nb6 27. Nd5 Rb8 28. Ne1
Bg5 29. b3 Qd6 30. Nd3 f6 31. Qf3 Rec8 32. Nb2 Bh4 33. Ne3 Qc7 34. Ng2 Bg5 35.
h4 Bh6 36. Nd3 Qc6 37. Nde1 Bf7 38. Qg3 g5 39. Nf3 Nd7 1-0

[Event "Quebec op"]
[Site "Montreal CAN"]
[Date "2006.07.11"]
[Round "5"]
[White "Vallieres, Mario"]
[Black "Forget, Luc"]
[Result "1-0"]
[WhiteElo "2055"]
[BlackElo "1977"]
[PlyCount "89"]
[EventDate "2006.07.08"]
[EventType "swiss"]
[EventRounds "9"]
[EventCountry "CAN"]

1. d4 Nf6 2. Nc3 d5 3. Bg5 h6 4. Bh4 Bf5 5. e3 c6 6. Bd3 Bxd3 7. Qxd3 e6 8.
Nge2 Nbd7 9. f3 Be7 10. Bf2 c5 11. g4 Qa5 12. Bg3 Rc8 13. O-O a6 14. Rf2 O-O
15. h4 Ne8 16. Raf1 b5 17. Rg2 b4 18. Nd1 g6 19. Nc1 Qb5 20. Qd2 Bf6 21. c3 a5
22. Nd3 Bg7 23. Nf4 a4 24. Nd3 Nc7 25. Bd6 Rfe8 26. Nxc5 b3 27. axb3 Nxc5 28.
Bxc5 axb3 29. Nf2 Ra8 30. Nd3 Na6 31. Ba3 Bf8 32. Bxf8 Rxf8 33. f4 Nb8 34. f5
Nc6 35. Rgf2 Na5 36. Ne5 Nc4 37. Nxc4 Qxc4 38. e4 exf5 39. gxf5 Ra6 40. f6 Kh7
41. e5 Rfa8 42. Qe3 Qc8 43. Kh2 Ra1 44. Rxa1 Rxa1 45. e6 1-0

[Event "Quebec op"]
[Site "Montreal CAN"]
[Date "2006.07.12"]
[Round "6"]
[White "Anastasovski, Nikola"]
[Black "Kleinplatz, Sam"]
[Result "1/2-1/2"]
[WhiteElo "2128"]
[BlackElo "2263"]
[PlyCount "98"]
[EventDate "2006.07.08"]
[EventType "swiss"]
[EventRounds "9"]
[EventCountry "CAN"]

1. e4 d5 2. e5 c5 3. Bb5+ Bd7 4. Qe2 e6 5. Nf3 Bxb5 6. Qxb5+ Qd7 7. Qe2 Nc6 8.
c3 f6 9. d4 fxe5 10. dxe5 Nge7 11. Bf4 Ng6 12. Bg3 Be7 13. h4 O-O 14. Qe3 d4
15. Qe4 Qd5 16. Qxd5 exd5 17. cxd4 cxd4 18. Nbd2 Bb4 19. O-O-O Rae8 20. Rhe1
Nf4 21. Bxf4 Rxf4 22. e6 Rf6 23. a3 Ba5 24. b4 Bb6 25. Nb3 Rfxe6 26. Rxe6 Rxe6
27. Nbxd4 Nxd4 28. Nxd4 Re4 29. Nf3 Bxf2 30. Rxd5 Re7 31. h5 g6 32. Kc2 Kf7 33.
hxg6+ hxg6 34. Ng5+ Kf6 35. Kd3 Re3+ 36. Kc4 Re5 37. Rxe5 Kxe5 38. Nf7+ Kf4 39.
Nd6 g5 40. Nxb7 g4 41. Nc5 Kg3 42. Ne4+ Kxg2 43. Nf6 Kf3 44. Nxg4 Kxg4 45. Kb5
Kf5 46. Ka6 Ke6 47. a4 Kd6 48. b5 Kc7 49. a5 Bg1 1/2-1/2

[Event "Quebec op"]
[Site "Montreal CAN"]
[Date "2006.07.12"]
[Round "6"]
[White "Bekteshi, Muhamet"]
[Black "Chabot, Roland"]
[Result "0-1"]
[WhiteElo "2023"]
[BlackElo "2287"]
[PlyCount "59"]
[EventDate "2006.07.08"]
[EventType "swiss"]
[EventRounds "9"]
[EventCountry "CAN"]

1. d4 f5 2. Nf3 Nf6 3. c4 g6 4. Nc3 Bg7 5. Bf4 d6 6. h4 c6 7. e3 Na6 8. Nd2 Nh5
9. Bh2 e5 10. d5 Nc7 11. dxc6 bxc6 12. Be2 O-O 13. Bxh5 gxh5 14. Qxh5 Rb8 15.
O-O-O Ne6 16. Nb3 Ba6 17. c5 d5 18. g4 Rxb3 19. axb3 Nxc5 20. gxf5 Nd3+ 21. Kc2
e4 22. Rhg1 Qf6 23. Rg5 Rf7 24. Rdg1 Bc8 25. Rxg7+ Rxg7 26. Qe8+ Qf8 27. Rxg7+
Kxg7 28. Be5+ Kg8 29. Qxc6 Nb4+ 30. Kd2 0-1

[Event "Quebec op"]
[Site "Montreal CAN"]
[Date "2006.07.12"]
[Round "6"]
[White "Cloutier, Mathieu"]
[Black "Rozybakiyev, Rasul"]
[Result "1-0"]
[WhiteElo "2059"]
[BlackElo "2039"]
[PlyCount "55"]
[EventDate "2006.07.08"]
[EventType "swiss"]
[EventRounds "9"]
[EventCountry "CAN"]

1. e4 c5 2. Nf3 e6 3. d4 cxd4 4. Nxd4 Nf6 5. Nc3 d6 6. g4 h6 7. h4 Be7 8. g5
hxg5 9. Bxg5 Nc6 10. Qd2 a6 11. O-O-O Bd7 12. f4 Qc7 13. Bh3 O-O-O 14. f5 e5
15. Nb3 Kb8 16. Bxf6 Bxf6 17. Nd5 Qc8 18. Nxf6 gxf6 19. Qxd6+ Ka8 20. Rd2 Be6
21. Qc5 Bxb3 22. Rxd8 Rxd8 23. axb3 Qd7 24. Qd5 Qe7 25. Qc4 Rd4 26. Qe2 Qb4 27.
c3 Rxe4 28. Qd3 1-0

[Event "Quebec op"]
[Site "Montreal CAN"]
[Date "2006.07.12"]
[Round "6"]
[White "Dimev, Kiril"]
[Black "Desjardins, Michel"]
[Result "0-1"]
[WhiteElo "2014"]
[BlackElo "1907"]
[PlyCount "66"]
[EventDate "2006.07.08"]
[EventType "swiss"]
[EventRounds "9"]
[EventCountry "CAN"]

1. d4 d5 2. c4 c6 3. Nf3 dxc4 4. e3 b5 5. a4 e6 6. axb5 cxb5 7. b3 Bb4+ 8. Bd2
Bxd2+ 9. Nbxd2 a5 10. bxc4 b4 11. c5 Nf6 12. Bd3 O-O 13. Nc4 Nd5 14. O-O Nd7
15. Qc2 h6 16. Rfe1 Nc3 17. Nd6 Ba6 18. Nd2 Bxd3 19. Qxd3 Qc7 20. f4 Nd5 21. f5
Nc3 22. fxe6 fxe6 23. Qc4 Rf6 24. Rf1 Rg6 25. Qd3 Rf6 26. Rxf6 Nxf6 27. Qc4 Qd7
28. Nf3 Nfe4 29. Nxe4 Nxe4 30. Ne5 Qd5 31. Qxd5 exd5 32. Nc6 b3 33. Rxa5 Rxa5
0-1

[Event "Quebec op"]
[Site "Montreal CAN"]
[Date "2006.07.12"]
[Round "6"]
[White "Fareh, Youness"]
[Black "Hajiyev, Elshad"]
[Result "1-0"]
[WhiteElo "2200"]
[BlackElo "2007"]
[PlyCount "67"]
[EventDate "2006.07.08"]
[EventType "swiss"]
[EventRounds "9"]
[EventCountry "CAN"]

1. Nf3 Nf6 2. c4 c6 3. g3 d5 4. Bg2 Bg4 5. Ne5 Bh5 6. cxd5 Nxd5 7. Nc3 e6 8.
Nxd5 exd5 9. O-O Bd6 10. d4 f6 11. Nd3 O-O 12. Nf4 Bxf4 13. Bxf4 Re8 14. Re1
Qe7 15. Qb3 f5 16. e4 Bf7 17. exf5 Qd7 18. Rxe8+ Bxe8 19. Re1 Na6 20. g4 Bf7
21. Re5 Re8 22. Rxe8+ Bxe8 23. Be5 Qe7 24. h4 h6 25. a3 b5 26. Qg3 b4 27. g5
bxa3 28. bxa3 hxg5 29. hxg5 Qb7 30. Kh2 Qb1 31. Qh3 Bd7 32. g6 Qxf5 33. Qh7+
Kf8 34. Bd6+ 1-0

[Event "Quebec op"]
[Site "Montreal CAN"]
[Date "2006.07.12"]
[Round "6"]
[White "Fillion, Steve"]
[Black "Bergeron, Marc"]
[Result "1-0"]
[WhiteElo "2092"]
[BlackElo "2009"]
[PlyCount "51"]
[EventDate "2006.07.08"]
[EventType "swiss"]
[EventRounds "9"]
[EventCountry "CAN"]

1. d4 Nf6 2. Nf3 g6 3. Nc3 d5 4. Bf4 Bg7 5. Qd2 O-O 6. Bh6 Nc6 7. Bxg7 Kxg7 8.
O-O-O a6 9. Ne5 Qd6 10. Nxc6 bxc6 11. f3 e5 12. e4 exd4 13. Qxd4 c5 14. Qd2 d4
15. Nb1 Be6 16. Na3 Nd7 17. Bc4 Nb6 18. Bxe6 Qxe6 19. Kb1 a5 20. Ka1 Na4 21.
Rb1 Rfd8 22. Qd3 Nb6 23. Qb5 c4 24. Rbd1 Qd7 25. Qc5 c3 26. bxc3 1-0